000 00300nam a22001337a 4500
008 170214b xxu||||| |||| 00| 0 eng d
020 _a2901449626500
041 _aeng
080 _25TH
_a61
100 _a4
101 _aSHM
245 _aDELIVERING HEALTH CARE IN AMERICA
_cSHI, L
942 _2udc
_cBK
999 _c5463
_d5463